000 00638nam a22001817a 4500
005 20251108175316.0
008 250721s2014 xx 000 0 ara d
082 1 4 _aم/218.823/حرك
100 1 _aصالح، محسن محمد
_eمحرر
245 1 0 _aحركة المقاومة الإسلامية حماس دراسات في الفكر و التجربة /
264 1 _aبيروت :
_bمركز الزيتونة للدراسات و الاستشارات،
_c2014.
300 _a671ص.
650 1 7 _aالحركات الاسلامية
650 1 7 _aفلسطين
653 _aحركة حماس
942 _2ddc
_cREF
999 _c131096
_d131096